[Event "Poznan Chess Festival"]
[Site "chess24.com"]
[Date "2021.08.17"]
[Round "4"]
[White "Szafranski, Maciej"]
[Black "Duszczak, Dariusz"]
[Result "1/2-1/2"]
[Board "16"]
[WhiteElo "1526"]
[WhiteCountry "POL"]
[WhiteFideId "21805580"]
[WhiteEloChange "7"]
[BlackElo "1822"]
[BlackCountry "POL"]
[BlackFideId "1126954"]
[BlackEloChange "-7"]

1. c4 {[%clk 1:30:58]} f5 {[%clk 1:28:52]} 2. d3 {[%clk 1:30:49]} Nf6 {[%clk
1:28:32]} 3. Nf3 {[%clk 1:31:02]} e6 {[%clk 1:28:03]} 4. g3 {[%clk 1:30:35]} d5
{[%clk 1:27:49]} 5. cxd5 {[%clk 1:30:00]} exd5 {[%clk 1:27:59]} 6. Bg2 {[%clk
1:28:50]} Bb4+ {[%clk 1:22:50]} 7. Nbd2 {[%clk 1:25:37]} O-O {[%clk 1:22:21]} 8.
O-O {[%clk 1:22:27]} Nc6 {[%clk 1:18:14]} 9. Qc2 {[%clk 1:17:09]} Kh8 {[%clk
1:14:46]} 10. a3 {[%clk 1:15:32]} Be7 {[%clk 1:09:14]} 11. b4 {[%clk 1:14:34]} a6
{[%clk 0:58:44]} 12. Nb3 {[%clk 1:11:37]} Be6 {[%clk 0:57:46]} 13. Nbd4 {[%clk
1:10:36]} Nxd4 {[%clk 0:49:54]} 14. Nxd4 {[%clk 1:08:58]} Bd7 {[%clk 0:50:13]}
15. Bd2 {[%clk 0:59:31]} c6 {[%clk 0:49:22]} 16. Nb3 {[%clk 0:57:10]} b6 {[%clk
0:40:09]} 17. a4 {[%clk 0:54:46]} Rc8 {[%clk 0:39:55]} 18. a5 {[%clk 0:51:31]} c5
{[%clk 0:39:02]} 19. axb6 {[%clk 0:51:51]} cxb4 {[%clk 0:38:45]} 20. Qa2 {[%clk
0:52:03]} Qxb6 {[%clk 0:31:36]} 21. Qxa6 {[%clk 0:52:10]} Qxa6 {[%clk 0:23:59]}
22. Rxa6 {[%clk 0:52:28]} Rc2 {[%clk 0:24:04]} 23. Rb1 {[%clk 0:49:52]} h6 {[%clk
0:21:19]} 24. Bxb4 {[%clk 0:43:20]} Bxb4 {[%clk 0:19:16]} 25. Nd4 {[%clk
0:42:33]} Rd2 {[%clk 0:18:54]} 26. Rxb4 {[%clk 0:42:53]} Rd1+ {[%clk 0:19:05]}
27. Bf1 {[%clk 0:43:17]} Rc8 {[%clk 0:16:07]} 28. Nb3 {[%clk 0:40:27]} Rc2 {[%clk
0:15:19]} 29. Ra1 {[%clk 0:37:25]} Rxa1 {[%clk 0:14:50]} 30. Nxa1 {[%clk
0:37:48]} Rc1 {[%clk 0:14:27]} 31. Rb8+ {[%clk 0:37:51]} Kh7 {[%clk 0:14:49]} 32.
Ra8 {[%clk 0:38:18]} f4 {[%clk 0:13:52]} 33. Kg2 {[%clk 0:37:11]} fxg3 {[%clk
0:06:36]} 34. hxg3 {[%clk 0:36:21]} Bc6 {[%clk 0:06:43]} 35. Ra5 {[%clk 0:36:22]}
d4+ {[%clk 0:07:02]} 36. Kg1 {[%clk 0:36:43]} Bd7 {[%clk 0:06:18]} 37. Kg2 {[%clk
0:32:34]} Bc6+ {[%clk 0:06:42]} 38. f3 {[%clk 0:31:56]} Ng4 {[%clk 0:06:42]} 39.
Kg1 {[%clk 0:32:20]} Bd7 {[%clk 0:04:56]} 1/2-1/2

[Event "Poznan Chess Festival"]
[Site "chess24.com"]
[Date "2021.08.17"]
[Round "4"]
[White "Wawrzyniak, Pawel"]
[Black "Kabzinski, Jan"]
[Result "0-1"]
[Board "17"]
[WhiteElo "1807"]
[WhiteCountry "POL"]
[WhiteFideId "21807477"]
[WhiteEloChange "-17"]
[BlackElo "1532"]
[BlackCountry "POL"]
[BlackFideId "21875146"]
[BlackEloChange "17"]

1. d4 {[%clk 1:30:54]} Nf6 {[%clk 1:30:59]} 2. c4 {[%clk 1:31:13]} e6 {[%clk
1:31:27]} 3. Nf3 {[%clk 1:31:31]} b6 {[%clk 1:31:55]} 4. g3 {[%clk 1:31:50]} Ba6
{[%clk 1:32:24]} 5. Bg2 {[%clk 1:32:09]} Bxc4 {[%clk 1:31:48]} 6. Nc3 {[%clk
1:30:14]} Bb4 {[%clk 1:29:01]} 7. O-O {[%clk 1:29:03]} Bxc3 {[%clk 1:25:15]} 8.
bxc3 {[%clk 1:29:20]} Bd5 {[%clk 1:25:25]} 9. Ba3 {[%clk 1:14:01]} d6 {[%clk
1:24:50]} 10. Nd2 {[%clk 1:11:26]} Bxg2 {[%clk 1:24:25]} 11. Kxg2 {[%clk
1:11:54]} O-O {[%clk 1:24:27]} 12. e4 {[%clk 1:12:16]} Re8 {[%clk 1:18:21]} 13.
f4 {[%clk 1:00:16]} e5 {[%clk 1:17:38]} 14. Qf3 {[%clk 0:59:00]} Qd7 {[%clk
1:10:47]} 15. h3 {[%clk 0:58:12]} Qa4 {[%clk 1:09:15]} 16. fxe5 {[%clk 0:29:18]}
dxe5 {[%clk 1:09:04]} 17. g4 {[%clk 0:29:36]} Qxa3 {[%clk 1:02:46]} 18. g5 {[%clk
0:29:53]} exd4 {[%clk 0:44:06]} 19. gxf6 {[%clk 0:23:01]} Qxc3 {[%clk 0:44:32]}
20. Qf4 {[%clk 0:22:14]} Qe3 {[%clk 0:40:02]} 21. fxg7 {[%clk 0:15:51]} Qxf4
{[%clk 0:38:30]} 22. Rxf4 {[%clk 0:16:18]} Nd7 {[%clk 0:34:23]} 23. Nf3 {[%clk
0:07:51]} c5 {[%clk 0:32:00]} 24. Nh4 {[%clk 0:07:11]} Re6 {[%clk 0:28:47]} 25.
Raf1 {[%clk 0:06:19]} Ne5 {[%clk 0:29:09]} 26. Nf5 {[%clk 0:05:47]} Rae8 {[%clk
0:29:06]} 27. h4 {[%clk 0:02:08]} Ng6 {[%clk 0:17:44]} 28. R4f2 {[%clk 0:02:07]}
Ne5 {[%clk 0:18:03]} 29. h5 {[%clk 0:01:51]} h6 {[%clk 0:18:30]} 30. Kg3 {[%clk
0:01:02]} d3 {[%clk 0:18:23]} 31. Kf4 {[%clk 0:00:59]} Rf6 {[%clk 0:17:32]} 32.
Rg2 {[%clk 0:01:08]} c4 {[%clk 0:17:17]} 33. Ke3 {[%clk 0:01:29]} Kh7 {[%clk
0:12:07]} 34. Rfg1 {[%clk 0:01:24]} Kg8 {[%clk 0:12:35]} 35. Rf1 {[%clk 0:01:54]}
Rfe6 {[%clk 0:10:20]} 36. Nd4 {[%clk 0:02:15]} c3 {[%clk 0:07:57]} 37. Nxe6
{[%clk 0:00:46]} Rxe6 {[%clk 0:08:26]} 38. Kd4 {[%clk 0:00:42]} c2 {[%clk
0:08:35]} 39. a4 {[%clk 0:00:38]} Rd6+ {[%clk 0:05:16]} 40. Kc3 {[%clk 0:00:33]}
0-1

[Event "Poznan Chess Festival"]
[Site "chess24.com"]
[Date "2021.08.17"]
[Round "4"]
[White "Trybowska, Barbara"]
[Black "Jagodzinski, Olaf"]
[Result "1-0"]
[Board "18"]
[WhiteElo "1807"]
[WhiteCountry "POL"]
[WhiteFideId "1172956"]
[WhiteEloChange "3"]
[BlackElo "1519"]
[BlackCountry "POL"]
[BlackFideId "21002614"]
[BlackEloChange "-3"]

1. d4 {[%clk 1:30:58]} Nf6 {[%clk 1:30:52]} 2. Bf4 {[%clk 1:31:22]} e6 {[%clk
1:31:07]} 3. e3 {[%clk 1:31:45]} d5 {[%clk 1:31:26]} 4. Nd2 {[%clk 1:32:06]} Bd6
{[%clk 1:31:47]} 5. Bg3 {[%clk 1:32:32]} O-O {[%clk 1:32:07]} 6. Bd3 {[%clk
1:32:56]} c5 {[%clk 1:32:31]} 7. c3 {[%clk 1:33:08]} Nc6 {[%clk 1:32:56]} 8. Ngf3
{[%clk 1:33:25]} b6 {[%clk 1:33:12]} 9. e4 {[%clk 1:33:41]} dxe4 {[%clk 1:30:46]}
10. Nxe4 {[%clk 1:33:42]} Nxe4 {[%clk 1:26:37]} 11. Bxe4 {[%clk 1:34:07]} Bb7
{[%clk 1:25:44]} 12. dxc5 {[%clk 1:31:12]} Bxc5 {[%clk 1:24:00]} 13. Qa4 {[%clk
1:29:40]} Qc8 {[%clk 1:06:53]} 14. Bxh7+ {[%clk 1:17:37]} Kxh7 {[%clk 0:56:25]}
15. Qh4+ {[%clk 1:17:55]} Kg8 {[%clk 0:56:28]} 16. Ng5 {[%clk 1:18:10]} Re8
{[%clk 0:48:57]} 17. Qh7+ {[%clk 0:54:11]} Kf8 {[%clk 0:49:22]} 18. Qh8+ {[%clk
0:54:36]} Ke7 {[%clk 0:49:47]} 19. Qxg7 {[%clk 0:55:01]} Rf8 {[%clk 0:43:47]} 20.
Nh7 {[%clk 0:52:16]} Qe8 {[%clk 0:31:00]} 21. Rd1 {[%clk 0:45:16]} Nd4 {[%clk
0:29:45]} 22. Qf6+ {[%clk 0:38:30]} Kd7 {[%clk 0:29:24]} 23. Rxd4+ {[%clk
0:38:48]} Bxd4 {[%clk 0:29:21]} 24. Qxd4+ {[%clk 0:39:12]} Kc8 {[%clk 0:26:35]}
25. Qd6 {[%clk 0:39:25]} 1-0

[Event "Poznan Chess Festival"]
[Site "chess24.com"]
[Date "2021.08.17"]
[Round "4"]
[White "Szymanski, Zbigniew"]
[Black "Pilny, Piotr"]
[Result "1-0"]
[Board "19"]
[WhiteElo "1793"]
[WhiteCountry "POL"]
[WhiteFideId "1180916"]
[WhiteEloChange "3"]
[BlackElo "1484"]
[BlackCountry "POL"]
[BlackFideId "21064334"]
[BlackEloChange "-3"]

1. e4 {[%clk 1:30:57]} d5 {[%clk 1:29:54]} 2. d3 {[%clk 1:29:33]} e5 {[%clk
1:26:36]} 3. Nf3 {[%clk 1:28:41]} Nc6 {[%clk 1:23:58]} 4. c3 {[%clk 1:28:30]} Nf6
{[%clk 1:15:33]} 5. Qa4 {[%clk 1:25:27]} Bd7 {[%clk 1:04:44]} 6. Qc2 {[%clk
1:22:47]} Bd6 {[%clk 1:03:57]} 7. Bg5 {[%clk 1:21:06]} Be6 {[%clk 0:59:54]} 8.
Nbd2 {[%clk 1:17:07]} h6 {[%clk 0:58:09]} 9. Be3 {[%clk 1:07:50]} O-O {[%clk
0:53:49]} 10. Be2 {[%clk 1:03:40]} Ng4 {[%clk 0:51:40]} 11. O-O {[%clk 1:02:30]}
f5 {[%clk 0:46:58]} 12. exf5 {[%clk 0:55:59]} Rxf5 {[%clk 0:44:55]} 13. h3 {[%clk
0:55:11]} Nxe3 {[%clk 0:44:39]} 14. fxe3 {[%clk 0:55:32]} Rf8 {[%clk 0:42:13]}
15. Qa4 {[%clk 0:40:19]} a6 {[%clk 0:39:26]} 16. Qh4 {[%clk 0:38:22]} Qxh4 {[%clk
0:38:24]} 17. Nxh4 {[%clk 0:38:50]} Ne7 {[%clk 0:36:27]} 18. Bg4 {[%clk 0:29:18]}
Bxg4 {[%clk 0:34:52]} 19. hxg4 {[%clk 0:29:46]} g6 {[%clk 0:33:30]} 20. Rf3
{[%clk 0:27:37]} Rxf3 {[%clk 0:30:28]} 21. gxf3 {[%clk 0:28:01]} Rf8 {[%clk
0:30:12]} 22. Kf2 {[%clk 0:26:59]} g5 {[%clk 0:29:30]} 23. Ng2 {[%clk 0:27:18]}
Kg7 {[%clk 0:28:57]} 24. Rh1 {[%clk 0:26:29]} c6 {[%clk 0:26:15]} 25. Ke2 {[%clk
0:25:52]} Rf6 {[%clk 0:25:28]} 26. Nf1 {[%clk 0:24:44]} Kf7 {[%clk 0:24:27]} 27.
e4 {[%clk 0:22:52]} Ng6 {[%clk 0:20:41]} 28. Ng3 {[%clk 0:21:16]} Nf4+ {[%clk
0:17:26]} 29. Nxf4 {[%clk 0:21:35]} gxf4 {[%clk 0:17:01]} 30. Nf5 {[%clk
0:20:32]} Bf8 {[%clk 0:16:50]} 31. a4 {[%clk 0:16:07]} a5 {[%clk 0:16:32]} 32.
Kd2 {[%clk 0:15:29]} Ke6 {[%clk 0:13:17]} 33. Kc2 {[%clk 0:15:32]} dxe4 {[%clk
0:11:27]} 34. dxe4 {[%clk 0:15:42]} Kd7 {[%clk 0:10:40]} 35. Kd3 {[%clk 0:15:37]}
b6 {[%clk 0:10:17]} 36. Kc4 {[%clk 0:15:47]} Kc7 {[%clk 0:10:12]} 37. b4 {[%clk
0:15:26]} Kb7 {[%clk 0:06:17]} 38. Rh2 {[%clk 0:12:24]} Kc7 {[%clk 0:05:56]} 39.
Rd2 {[%clk 0:12:12]} Re6 {[%clk 0:04:21]} 40. Rh2 {[%clk 0:11:48]} Rf6 {[%clk
0:04:45]} 41. b5 {[%clk 0:11:03]} Re6 {[%clk 0:04:53]} 42. g5 {[%clk 0:08:41]}
hxg5 {[%clk 0:02:57]} 43. Rh7+ {[%clk 0:08:56]} Kc8 {[%clk 0:02:44]} 44. Rh8
{[%clk 0:08:50]} Rf6 {[%clk 0:02:06]} 45. bxc6 {[%clk 0:05:59]} Kc7 {[%clk
0:01:43]} 46. Kd5 {[%clk 0:06:16]} g4 {[%clk 0:00:42]} 47. fxg4 {[%clk 0:04:52]}
f3 {[%clk 0:00:59]} 48. Rh7+ {[%clk 0:03:28]} Kc8 {[%clk 0:00:57]} 49. Rh3 {[%clk
0:03:42]} f2 {[%clk 0:01:13]} 50. Rf3 {[%clk 0:03:26]} Bc5 {[%clk 0:01:26]} 51.
Kxe5 {[%clk 0:03:16]} Rf8 {[%clk 0:01:00]} 52. g5 {[%clk 0:02:52]} Kc7 {[%clk
0:01:13]} 53. g6 {[%clk 0:03:09]} Bd6+ {[%clk 0:01:14]} 54. Kd5 {[%clk 0:02:58]}
Be7 {[%clk 0:01:23]} 55. g7 {[%clk 0:03:02]} Rd8+ {[%clk 0:01:27]} 56. Ke6 {[%clk
0:03:14]} Bc5 {[%clk 0:01:17]} 57. Kf7 {[%clk 0:03:30]} Kxc6 {[%clk 0:00:36]} 58.
g8=Q {[%clk 0:03:49]} Rxg8 {[%clk 0:00:43]} 59. Kxg8 {[%clk 0:04:16]} b5 {[%clk
0:01:03]} 60. Nd4+ {[%clk 0:04:18]} Kd6 {[%clk 0:01:04]} 61. Rxf2 {[%clk
0:04:26]} 1-0

[Event "Poznan Chess Festival"]
[Site "chess24.com"]
[Date "2021.08.17"]
[Round "4"]
[White "Swiatek, Mateusz"]
[Black "Zgarda, Jakub"]
[Result "0-1"]
[Board "20"]
[WhiteElo "1501"]
[WhiteCountry "POL"]
[WhiteFideId "21837678"]
[WhiteEloChange "-3"]
[BlackElo "1788"]
[BlackCountry "POL"]
[BlackFideId "1140280"]
[BlackEloChange "3"]

1. e4 {[%clk 1:30:57]} Nc6 {[%clk 1:30:15]} 2. Nf3 {[%clk 1:31:11]} f5 {[%clk
1:30:17]} 3. exf5 {[%clk 1:27:51]} d5 {[%clk 1:30:04]} 4. d4 {[%clk 1:28:03]}
Bxf5 {[%clk 1:30:28]} 5. Bd3 {[%clk 1:27:12]} Qd7 {[%clk 1:26:45]} 6. c3 {[%clk
1:25:29]} g6 {[%clk 1:26:18]} 7. Bf4 {[%clk 1:24:58]} Bh6 {[%clk 1:23:57]} 8.
Bxf5 {[%clk 1:20:17]} gxf5 {[%clk 1:23:51]} 9. Ne5 {[%clk 1:19:14]} Nxe5 {[%clk
1:22:42]} 10. Bxe5 {[%clk 1:19:30]} Qe6 {[%clk 1:22:12]} 11. Qh5+ {[%clk
1:19:11]} Kf8 {[%clk 1:22:02]} 12. O-O {[%clk 1:14:14]} Bg7 {[%clk 1:22:22]} 13.
Bxc7 {[%clk 1:07:45]} Nf6 {[%clk 1:21:34]} 14. Qd1 {[%clk 1:07:55]} Ne4 {[%clk
1:17:18]} 15. f3 {[%clk 1:06:57]} Ng5 {[%clk 1:17:07]} 16. Re1 {[%clk 1:04:57]}
Qg6 {[%clk 1:16:39]} 17. Qe2 {[%clk 1:04:30]} Re8 {[%clk 1:16:12]} 18. Nd2 {[%clk
1:03:05]} Rg8 {[%clk 1:15:19]} 19. Kh1 {[%clk 1:00:22]} Bf6 {[%clk 1:09:42]} 20.
Be5 {[%clk 0:57:47]} Bxe5 {[%clk 1:08:00]} 21. dxe5 {[%clk 0:58:05]} Ne6 {[%clk
1:07:38]} 22. g3 {[%clk 0:46:22]} h5 {[%clk 0:49:45]} 23. Rg1 {[%clk 0:40:16]} f4
{[%clk 0:33:47]} 24. gxf4 {[%clk 0:32:54]} Nxf4 {[%clk 0:34:03]} 25. Qe3 {[%clk
0:26:19]} Qf5 {[%clk 0:33:19]} 26. Nb3 {[%clk 0:25:43]} Nh3 {[%clk 0:30:46]} 27.
Nd4 {[%clk 0:15:13]} Qh7 {[%clk 0:25:06]} 28. Rxg8+ {[%clk 0:13:18]} Kxg8 {[%clk
0:25:06]} 29. Kg2 {[%clk 0:13:00]} Qd3 {[%clk 0:23:54]} 30. Qh6 {[%clk 0:08:48]}
Rf8 {[%clk 0:21:42]} 31. Kxh3 {[%clk 0:08:07]} Rxf3+ {[%clk 0:21:13]} 32. Kg2
{[%clk 0:08:17]} Rf7 {[%clk 0:20:39]} 33. Qxh5 {[%clk 0:03:33]} Qe4+ {[%clk
0:19:37]} 34. Nf3 {[%clk 0:02:36]} Qe2+ {[%clk 0:19:30]} 35. Kg3 {[%clk 0:02:13]}
Rg7+ {[%clk 0:19:19]} 36. Kh3 {[%clk 0:00:40]} Qg2+ {[%clk 0:18:04]} 37. Kh4
{[%clk 0:01:07]} Qf2+ {[%clk 0:18:22]} 38. Kh3 {[%clk 0:01:17]} Rh7 {[%clk
0:16:53]} 39. Rg1+ {[%clk 0:01:30]} Kh8 {[%clk 0:17:13]} 40. Qxh7+ {[%clk
0:00:55]} Kxh7 {[%clk 0:17:40]} 41. Rg3 {[%clk 0:01:07]} Kh6 {[%clk 0:16:13]} 42.
Ng5 {[%clk 0:00:44]} Kh5 {[%clk 0:13:04]} 43. Ne6 {[%clk 0:00:31]} Qf5+ {[%clk
0:13:23]} 0-1

[Event "Poznan Chess Festival"]
[Site "chess24.com"]
[Date "2021.08.17"]
[Round "4"]
[White "Zimochocki, Roman"]
[Black "Kowalewicz, Kacper"]
[Result "0-1"]
[Board "21"]
[WhiteElo "1491"]
[WhiteCountry "POL"]
[WhiteFideId "1131290"]
[WhiteEloChange "-3"]
[BlackElo "1778"]
[BlackCountry "POL"]
[BlackFideId "1151339"]
[BlackEloChange "3"]

1. d4 {[%clk 1:30:59]} d5 {[%clk 1:30:47]} 2. Nf3 {[%clk 1:31:13]} Nf6 {[%clk
1:31:05]} 3. Bf4 {[%clk 1:31:11]} e6 {[%clk 1:30:45]} 4. c3 {[%clk 1:30:56]} Bd6
{[%clk 1:30:23]} 5. e3 {[%clk 1:28:10]} O-O {[%clk 1:30:46]} 6. Bxd6 {[%clk
1:27:17]} Qxd6 {[%clk 1:31:10]} 7. Nbd2 {[%clk 1:27:34]} c5 {[%clk 1:31:24]} 8.
Ne5 {[%clk 1:27:26]} Nc6 {[%clk 1:31:07]} 9. f4 {[%clk 1:25:10]} Nd7 {[%clk
1:30:40]} 10. Bd3 {[%clk 1:25:20]} Ncxe5 {[%clk 1:22:08]} 11. fxe5 {[%clk
1:24:05]} Qe7 {[%clk 1:22:36]} 12. O-O {[%clk 1:23:35]} f6 {[%clk 1:22:03]} 13.
exf6 {[%clk 1:20:39]} Rxf6 {[%clk 1:22:17]} 14. Rxf6 {[%clk 1:18:42]} Nxf6 {[%clk
1:22:30]} 15. Nf3 {[%clk 1:16:49]} Bd7 {[%clk 1:17:41]} 16. Ne5 {[%clk 1:15:10]}
Rf8 {[%clk 1:13:15]} 17. Qe2 {[%clk 1:15:27]} Be8 {[%clk 1:12:52]} 18. Rf1 {[%clk
1:12:59]} Nd7 {[%clk 1:08:08]} 19. Rxf8+ {[%clk 1:02:03]} Nxf8 {[%clk 1:07:47]}
20. Qg4 {[%clk 0:59:09]} b5 {[%clk 1:02:35]} 21. a3 {[%clk 0:57:11]} b4 {[%clk
1:02:13]} 22. axb4 {[%clk 0:55:53]} cxb4 {[%clk 1:02:37]} 23. c4 {[%clk 0:55:21]}
dxc4 {[%clk 1:02:28]} 24. Bxc4 {[%clk 0:55:26]} a5 {[%clk 1:02:46]} 25. d5 {[%clk
0:50:27]} exd5 {[%clk 1:00:17]} 26. Bxd5+ {[%clk 0:50:46]} Kh8 {[%clk 1:00:45]}
27. Qd4 {[%clk 0:44:53]} h6 {[%clk 0:40:07]} 28. Bc4 {[%clk 0:37:47]} Nh7 {[%clk
0:32:48]} 29. Qd5 {[%clk 0:29:21]} Nf6 {[%clk 0:32:57]} 30. Qe6 {[%clk 0:29:45]}
Qd8 {[%clk 0:29:08]} 31. Bd3 {[%clk 0:23:55]} Qc7 {[%clk 0:27:56]} 32. Bc4 {[%clk
0:23:57]} Qc5 {[%clk 0:26:53]} 33. Ng4 {[%clk 0:23:09]} Bd7 {[%clk 0:27:05]} 34.
Qe5 {[%clk 0:18:09]} Qxc4 {[%clk 0:26:53]} 35. Nxf6 {[%clk 0:18:36]} Qc1+ {[%clk
0:26:28]} 36. Kf2 {[%clk 0:18:52]} Qd2+ {[%clk 0:19:33]} 37. Kg3 {[%clk 0:13:15]}
Qe1+ {[%clk 0:19:51]} 38. Kf3 {[%clk 0:11:10]} Qf1+ {[%clk 0:20:16]} 39. Ke4
{[%clk 0:10:40]} Qxf6 {[%clk 0:20:19]} 40. Qxa5 {[%clk 0:10:35]} Qe7+ {[%clk
0:20:42]} 41. Kd3 {[%clk 0:10:33]} Qd6+ {[%clk 0:20:55]} 42. Ke2 {[%clk 0:10:15]}
Kh7 {[%clk 0:21:09]} 43. h3 {[%clk 0:09:59]} Qc6 {[%clk 0:21:05]} 44. Qxb4 {[%clk
0:04:52]} Qxg2+ {[%clk 0:21:24]} 45. Ke1 {[%clk 0:04:16]} Qxh3 {[%clk 0:21:35]}
46. Qd4 {[%clk 0:04:29]} Qg4 {[%clk 0:21:38]} 47. e4 {[%clk 0:04:23]} Bf5 {[%clk
0:22:00]} 0-1

[Event "Poznan Chess Festival"]
[Site "chess24.com"]
[Date "2021.08.17"]
[Round "4"]
[White "Rosenfeld, Noe"]
[Black "Sobczak, Miroslaw"]
[Result "1-0"]
[Board "25"]
[WhiteElo "1305"]
[WhiteCountry "POL"]
[WhiteFideId "21840989"]
[WhiteEloChange "18"]
[BlackElo "1748"]
[BlackCountry "POL"]
[BlackFideId "1114182"]
[BlackEloChange "-18"]

1. e4 {[%clk 1:30:57]} e6 {[%clk 1:30:58]} 2. d4 {[%clk 1:31:18]} d5 {[%clk
1:31:26]} 3. Nd2 {[%clk 1:31:42]} Nf6 {[%clk 1:31:51]} 4. e5 {[%clk 1:32:01]}
Nfd7 {[%clk 1:32:18]} 5. Bd3 {[%clk 1:32:19]} c5 {[%clk 1:32:42]} 6. c3 {[%clk
1:32:20]} Nc6 {[%clk 1:33:02]} 7. Ne2 {[%clk 1:32:30]} cxd4 {[%clk 1:33:30]} 8.
cxd4 {[%clk 1:32:52]} f6 {[%clk 1:33:50]} 9. exf6 {[%clk 1:33:00]} Nxf6 {[%clk
1:34:18]} 10. a3 {[%clk 1:32:49]} Bd6 {[%clk 1:34:41]} 11. O-O {[%clk 1:31:43]}
O-O {[%clk 1:34:25]} 12. Nf3 {[%clk 1:30:56]} Qc7 {[%clk 1:34:52]} 13. Ng3 {[%clk
1:27:44]} Bf4 {[%clk 1:26:07]} 14. Re1 {[%clk 1:24:44]} Bd7 {[%clk 1:24:15]} 15.
Bc2 {[%clk 1:21:03]} Rae8 {[%clk 1:14:09]} 16. Bxf4 {[%clk 1:08:03]} Qxf4 {[%clk
1:12:30]} 17. Qd3 {[%clk 1:08:05]} g6 {[%clk 1:08:56]} 18. Re2 {[%clk 0:57:24]}
e5 {[%clk 0:58:52]} 19. dxe5 {[%clk 0:53:46]} Nxe5 {[%clk 0:58:04]} 20. Nxe5
{[%clk 0:52:23]} Rxe5 {[%clk 0:58:32]} 21. Rae1 {[%clk 0:36:07]} Rfe8 {[%clk
0:45:24]} 22. f3 {[%clk 0:23:56]} a6 {[%clk 0:38:08]} 23. Qc3 {[%clk 0:17:28]}
Rxe2 {[%clk 0:37:23]} 24. Nxe2 {[%clk 0:17:57]} Qd6 {[%clk 0:35:49]} 25. Kf2
{[%clk 0:15:39]} Rc8 {[%clk 0:35:14]} 26. Qd2 {[%clk 0:13:51]} Qxh2 {[%clk
0:33:59]} 27. Bb3 {[%clk 0:13:29]} Bc6 {[%clk 0:34:04]} 28. Ng3 {[%clk 0:13:06]}
Rf8 {[%clk 0:32:03]} 29. Rh1 {[%clk 0:02:36]} Qxg3+ {[%clk 0:31:45]} 30. Kxg3
{[%clk 0:02:53]} Ne4+ {[%clk 0:32:13]} 31. fxe4 {[%clk 0:03:12]} 1-0

[Event "Poznan Chess Festival"]
[Site "chess24.com"]
[Date "2021.08.17"]
[Round "4"]
[White "Zakrzewski, Bartosz"]
[Black "Anand M P"]
[Result "0-1"]
[Board "26"]
[WhiteElo "1578"]
[WhiteCountry "POL"]
[WhiteFideId "1176196"]
[WhiteEloChange "-15"]
[BlackElo "1392"]
[BlackCountry "IND"]
[BlackFideId "45087644"]
[BlackEloChange "15"]

1. e4 {[%clk 1:27:05]} e6 {[%clk 1:30:27]} 2. d4 {[%clk 1:27:24]} d5 {[%clk
1:30:55]} 3. Nd2 {[%clk 1:27:20]} c5 {[%clk 1:28:38]} 4. exd5 {[%clk 1:25:00]}
Qxd5 {[%clk 1:25:52]} 5. Ndf3 {[%clk 1:19:25]} Nf6 {[%clk 1:17:37]} 6. c3 {[%clk
1:11:55]} Nc6 {[%clk 1:11:41]} 7. Be2 {[%clk 1:08:08]} cxd4 {[%clk 1:08:10]} 8.
cxd4 {[%clk 1:08:17]} Bb4+ {[%clk 1:06:04]} 9. Bd2 {[%clk 1:08:36]} Bxd2+ {[%clk
1:02:59]} 10. Qxd2 {[%clk 1:08:58]} O-O {[%clk 1:02:52]} 11. Nh3 {[%clk 0:56:30]}
Rd8 {[%clk 0:59:54]} 12. Nf4 {[%clk 0:55:35]} Qe4 {[%clk 0:54:06]} 13. O-O-O
{[%clk 0:42:41]} e5 {[%clk 0:53:46]} 14. Nd3 {[%clk 0:32:43]} Nxd4 {[%clk
0:49:11]} 15. Nxd4 {[%clk 0:28:09]} exd4 {[%clk 0:41:37]} 16. Bf3 {[%clk
0:27:46]} Qe7 {[%clk 0:41:28]} 17. Qf4 {[%clk 0:21:46]} Be6 {[%clk 0:37:37]} 18.
Kb1 {[%clk 0:21:52]} Rac8 {[%clk 0:37:57]} 19. Rc1 {[%clk 0:16:39]} Nd5 {[%clk
0:25:47]} 20. Qe4 {[%clk 0:15:27]} Qf6 {[%clk 0:22:26]} 21. g4 {[%clk 0:11:44]}
Rxc1+ {[%clk 0:20:23]} 22. Rxc1 {[%clk 0:11:54]} b6 {[%clk 0:20:40]} 23. h4
{[%clk 0:09:44]} h5 {[%clk 0:18:00]} 24. g5 {[%clk 0:02:36]} Qf5 {[%clk 0:18:29]}
25. Ne5 {[%clk 0:01:25]} Qxe4+ {[%clk 0:14:27]} 26. Bxe4 {[%clk 0:01:54]} Nf4
{[%clk 0:13:55]} 27. Nc6 {[%clk 0:01:38]} Rd6 {[%clk 0:08:13]} 28. Nxa7 {[%clk
0:01:00]} d3 {[%clk 0:08:02]} 29. Nb5 {[%clk 0:00:51]} Rd8 {[%clk 0:08:31]} 30.
Nc3 {[%clk 0:00:36]} d2 {[%clk 0:08:47]} 31. Rd1 {[%clk 0:00:39]} Nh3 {[%clk
0:09:15]} 32. Rf1 {[%clk 0:00:35]} Bc4 {[%clk 0:09:30]} 33. Rd1 {[%clk 0:00:33]}
Nxf2 {[%clk 0:09:58]} 34. Kc2 {[%clk 0:00:36]} Nxe4 {[%clk 0:10:26]} 35. Nxe4
{[%clk 0:00:39]} Bd3+ {[%clk 0:10:55]} 36. Kc3 {[%clk 0:00:32]} Bxe4 {[%clk
0:11:23]} 37. a4 {[%clk 0:00:35]} Bf3 {[%clk 0:10:46]} 38. Rxd2 {[%clk 0:00:38]}
Rxd2 {[%clk 0:11:14]} 39. Kxd2 {[%clk 0:01:07]} Bc6 {[%clk 0:11:26]} 40. b3
{[%clk 0:01:29]} f6 {[%clk 0:11:34]} 41. gxf6 {[%clk 0:01:15]} gxf6 {[%clk
0:12:01]} 42. Ke3 {[%clk 0:00:54]} Kf7 {[%clk 0:12:23]} 43. Kf4 {[%clk 0:00:47]}
Ke6 {[%clk 0:12:39]} 0-1

[Event "Poznan Chess Festival"]
[Site "chess24.com"]
[Date "2021.08.17"]
[Round "4"]
[White "Nowak, Roksana"]
[Black "Kierska, Pola"]
[Result "1-0"]
[Board "27"]
[WhiteElo "1561"]
[WhiteCountry "POL"]
[WhiteFideId "21847991"]
[WhiteEloChange "2"]
[BlackElo "1107"]
[BlackCountry "POL"]
[BlackFideId "21854262"]
[BlackEloChange "-2"]

1. e4 {[%clk 1:30:30]} e5 {[%clk 1:30:30]} 2. Nf3 {[%clk 1:30:30]} Nc6 {[%clk
1:30:30]} 3. Bb5 {[%clk 1:30:30]} a6 {[%clk 1:30:30]} 4. Ba4 {[%clk 1:30:30]} b5
{[%clk 1:30:30]} 5. Bb3 {[%clk 1:30:30]} Nf6 {[%clk 1:30:30]} 6. d4 {[%clk
1:30:30]} Nxd4 {[%clk 1:30:30]} 7. Nxd4 {[%clk 1:30:30]} exd4 {[%clk 1:30:30]} 8.
e5 {[%clk 1:30:30]} Qe7 {[%clk 1:30:30]} 9. O-O {[%clk 1:30:30]} Ng8 {[%clk
1:30:30]} 10. Qf3 {[%clk 1:30:30]} Rb8 {[%clk 1:30:30]} 11. Bg5 {[%clk 1:30:30]}
f6 {[%clk 1:30:30]} 12. exf6 {[%clk 1:30:30]} Nxf6 {[%clk 1:30:30]} 13. Nc3
{[%clk 1:30:30]} Qd6 {[%clk 1:30:30]} 14. Ne4 {[%clk 1:30:30]} Qc6 {[%clk
1:30:30]} 15. Nxf6+ {[%clk 1:30:30]} gxf6 {[%clk 1:30:30]} 16. Rfe1+ {[%clk
1:30:30]} Be7 {[%clk 1:30:30]} 17. Bxf6 {[%clk 1:30:30]} Qxf3 {[%clk 1:30:30]}
18. Rxe7+ {[%clk 1:30:30]} Kf8 {[%clk 1:30:30]} 19. Rf7+ {[%clk 1:30:30]} Ke8
{[%clk 1:30:30]} 20. Re1+ {[%clk 1:30:30]} Qe4 {[%clk 1:30:30]} 21. Rxe4# {[%clk
1:30:30]} 1-0